La ciudadanía romana: clave para comprender el éxito de la dominación e integración romana en el Alto Imperio

Uloženo v:
Podrobná bibliografie
Hlavní autor: Bancalari Molina, Alejandro (Autor)
Médium: Kniha
Jazyk:španělština
Vydáno: Viña del Mar Pontificia Universidad Católica de Valparaíso 2004
Témata:
Tagy: Přidat tag
Žádné tagy, Buďte první, kdo vytvoří štítek k tomuto záznamu!

MARC

LEADER 00000nam a2200000 a 4500
001 UCG1148
003 CL-VaPUC
008 100422e20040000cl 1 spa d
082 0 4 |a 937.08  |b BAN  |2 21 
100 1 |a Bancalari Molina, Alejandro  |e author  |9 621561 
245 1 3 |a La ciudadanía romana: clave para comprender el éxito de la dominación e integración romana en el Alto Imperio 
246 1 0 |a XXI Semana de Estudios Romanos 
260 |a Viña del Mar  |b Pontificia Universidad Católica de Valparaíso  |c 2004 
300 |a 1 VHS 
650 0 7 |a CIUDADANOS  |2 CL-VaPUC  |9 621562 
650 0 0 |a Imperio Romano  |9 322785 
650 0 7 |a POLITICA ROMANA  |2 CL-VaPUC  |9 523263 
650 0 0 |a Alto Imperio romano  |9 621563 
942 |c BK 
945 |a dcastane  |d 20100422 00:00:00 
546 |a En Español 
536 |a Pontificia Universidad Católica de Valparaíso. Instituto de Historia 
518 |p Semana de Estudios Romanos, 21, Viña del Mar, 26 al 29 octubre 2004 
999 |c 384519  |d 384517 
583 |k Rodrigo Vera